书目信息 |
| 题名: |
C++程序设计基础导学
|
|
| 作者: | 赵海廷 , 严运国 主编 | |
| 分册: | ||
| 出版信息: | 北京 科学出版社 2006.01 |
|
| 页数: | 188页 | |
| 开本: | 26cm | |
| 丛书名: | ||
| 单 册: | ||
| 中图分类: | TP312C | |
| 科图分类: | ||
| 主题词: | C语言--C yu yan--程序设计 | |
| 电子资源: | ||
| ISBN: | 7-03-016739-2 | |
| 000 | 00907nam0 2200253 450 | |
| 001 | 012006517287 | |
| 005 | 20060626162349.64 | |
| 010 | @a7-03-016739-2@dCNY18.50 | |
| 100 | @a20060612d2006 km y0chiy0120 ea | |
| 101 | 0 | @achi |
| 102 | @aCN@b110000 | |
| 105 | @ay a 000yy | |
| 200 | 1 | @aC++程序设计基础导学@AC++cheng xu she ji ji chu dao xue@f赵海廷, 严运国主编@Fzhao hai ting,yan yun guo zhu bian |
| 210 | @a北京@c科学出版社@d2006.01 | |
| 215 | @a188页@d26cm | |
| 300 | @a21世纪高职高专课程与教学改革系列教材"十一五"规划教材 | |
| 320 | @a有书目。 | |
| 330 | @a本书内容包括认识C++、数据类型、运算符及表达式、结构化程序设计、数组、指针、函数、类与对象等,每章包括基本要求、内容小结等。 | |
| 606 | 0 | @aC语言@AC yu yan@x程序设计 |
| 690 | @aTP312C@v4 | |
| 701 | 0 | @a赵海廷@Azhao hai ting@4主编 |
| 701 | 0 | @a严运国@Ayan yun guo@4主编 |
| 801 | 0 | @aCN@bQSSK@c20060626 |
| 905 | @a10447@dTP312C@eZ306 | |
| C++程序设计基础导学/赵海廷, 严运国主编.-北京:科学出版社,2006.01 |
| 188页;26cm |
| 21世纪高职高专课程与教学改革系列教材"十一五"规划教材 |
| ISBN 7-03-016739-2:CNY18.50 |
| 本书内容包括认识C++、数据类型、运算符及表达式、结构化程序设计、数组、指针、函数、类与对象等,每章包括基本要求、内容小结等。 |
| ● |
| 相关链接 |
|
|
|
正题名:C++程序设计基础导学
索取号:TP312C/Z306
 
预约/预借
| 序号 | 登录号 | 条形码 | 馆藏地/架位号 | 状态 | 备注 |
| 1 | 586522 | 205865223 | 自科库301/301自科库 55排1列4层/ [索取号:TP312C/Z306] | 在馆 | |
| 2 | 586523 | 205865232 | 自科库301/301自科库 49排1列2层/ [索取号:TP312C/Z306] | 在馆 | |
| 3 | 586524 | 205865241 | 自科库301/301自科库 55排1列4层/ [索取号:TP312C/Z306] | 在馆 |